The Common Core of European Private Law:Essays on the Project : (Record no. 619720)

MARC details
000 -LEADER
fixed length control field 00517nam a2200193 a 4500
008 - FIXED-LENGTH DATA ELEMENTS--GENERAL INFORMATION
fixed length control field 260424s2003##################000#0#eng##
020 ## - INTERNATIONAL STANDARD BOOK NUMBER
ISBN 9789041118523
082 04 - DEWEY DECIMAL CLASSIFICATION NUMBER
Classification number 346.4
Item number BUS
100 1# - MAIN ENTRY--AUTHOR NAME
Personal name Bussani, Mauro,
245 10 - TITLE STATEMENT
Title The Common Core of European Private Law:Essays on the Project :
260 ## - PUBLICATION, DISTRIBUTION, ETC. (IMPRINT)
Name of publisher Springer,
Year of publication 2003.
300 ## - PHYSICAL DESCRIPTION
Number of Pages 248 pages
650 #0 - SUBJECT ADDED ENTRY--TOPICAL TERM
Topical Term Law.
942 ## - ADDED ENTRY ELEMENTS (KOHA)
Koha item type English Books
Holdings
Withdrawn status Lost status Damaged status Not for loan Home library Current library Date acquired Full call number Accession Number Price effective from Koha item type
        Anna Centenary Library Anna Centenary Library 24.04.2026 346.4 BUS 441701 24.04.2026 English Books

Find us on the map